Digital data banks and digital mappings (Record no. 99019)

MARC details
000 -LEADER
fixed length control field 00456cam a2200157 4500
001 - CONTROL NUMBER
control field D11360
008 - FIXED-LENGTH DATA ELEMENTS--GENERAL INFORMATION
fixed length control field 090401t xxu||||| |||| 00| 0 eng d
035 ## - SYSTEM CONTROL NUMBER
System control number (Sirsi) u97890
041 ## - LANGUAGE CODE
Language code of text/sound track or separate title eng
100 ## - MAIN ENTRY--PERSONAL NAME
Personal name Rhind, D.W.
245 ## - TITLE STATEMENT
Title Digital data banks and digital mappings
350 ## - PRICE (NR) (BK AM CF MU VM SE) [OBSOLETE]
Price 0
520 ## - SUMMARY, ETC.
Summary, etc. In RICS et al. Survey and mapping. Conference at University of Reading, 30 March - 3 April 1981 (Paper G2) 1981/19 ABC
942 ## - ADDED ENTRY ELEMENTS (KOHA)
Suppress in OPAC 0
948 ## - LOCAL PROCESSING INFORMATION (OCLC); SERIES PART DESIGNATOR (RLIN)
c (OCLC) 04/03/1997
Holdings
Withdrawn status Lost status Source of classification or shelving scheme Damaged status Not for loan Home library Current library Shelving location Date acquired Total Checkouts Full call number Barcode Date last seen Copy number Price effective from Koha item type
    Other/Generic Classification Scheme     London London RICS Boxes 21/03/2001   RICS 1981/19 97890-1001 06/08/2019 1 06/08/2019 Reference material